000 00362nam a2200145Ia 4500
008 230917s9999||||xx |||||||||||||| ||und||
040 _e138307
_aMAIN
041 _aEnglish
082 _a822.33 S15K
100 _aShakespeare, William
245 0 _aKing Richard II
260 _aCambridge
_bCambridge University Press
_c1952
300 _a244 p.
942 _cBK
999 _c186108
_d186108